|
|
|
|
| LEADER |
00621ntm a2200157 i 4500 |
| 001 |
misc57282 |
| 005 |
20200914145205.0 |
| 008 |
200914suuuu hu o 0|| eng d |
| 040 |
|
|
|a SZTE Miscellanea Repozitórium
|b hun
|
| 041 |
|
|
|a eng
|
| 100 |
1 |
|
|a Kalmár László
|
| 245 |
1 |
0 |
|a Some problem concerning the programming of automatic computers
|h [elektronikus dokumentum] :
|b Peking, 1959. január 3. /
|c Kalmár László
|
| 300 |
|
|
|a 20 fol.
|c 25 x 18 cm
|
| 561 |
|
|
|a Kalmár László kínai hagyaték
|
| 695 |
|
|
|a Számítógép - programozás
|
| 856 |
4 |
0 |
|u http://misc.bibl.u-szeged.hu/57282/1/kalmar_jegyzet_011.pdf
|z Dokumentum-elérés
|